Score 0/17 Timer 03:00
0 Plays Today
Word % Correct
Home
97.2%
Phone
93.7%
E.T.
85.3%
Elliott
63.9%
Be
59.3%
You
38.2%
Good
35.4%
Here
35.1%
Ouch
28.1%
Word % Correct
Right
28%
I'll
27.9%
Yes
22.3%
Mom
15.2%
Come
14.6%
Stay
11%
Thank
8.4%
Ready
4.1%
Remove Ads.
Support Sporcle.
Get the best of Sporcle when you Go Orange. This ad-free experience offers more features, more stats, and more fun while also helping to support Sporcle. Thank you for becoming a member.

You're not logged in!

Compare scores with friends on all Sporcle quizzes.
OR
Log In

Sporcle TV

Today on Sporcle TV


Watch our educational content, quiz creation guides, and fun videos on Sporcle TV.

Show Comments

Extras

Top Quizzes Today


Score Distribution

Paid Content

Your Account Isn't Verified!

In order to create a playlist on Sporcle, you need to verify the email address you used during registration. Go to your Sporcle Settings to finish the process.

Report this User

Report this user for behavior that violates our Community Guidelines.

Details: